[Event "14. Obert Int. Sant Marti 2012"]
[Site "Barcelona ESP"]
[Date "2012.07.15"]
[Round "3.3"]
[White "Moskalenko, Viktor"]
[Black "Asis Gargatagli, Hipolito"]
[Result "1-0"]
[WhiteElo "2591"]
[BlackElo "2482"]
[PlyCount "59"]
[EventDate "2012.07.13"]
[EventType "swiss"]
[EventRounds "9"]
[EventCountry "ESP"]
[SourceTitle "Ajedrez en Madrid"]
[Source "lmi"]
[SourceDate "2012.07.13"]
[SourceVersion "1"]
[SourceVersionDate "2019.06.21"]
[SourceQuality "1"]

1. d4 d5 2. c4 c6 3. cxd5 cxd5 4. Nc3 Nf6 5. Bf4 Nc6 6. e3 a6 7. Rc1 Bg4 8. f3
Bd7 9. Bd3 e6 10. g4 Rc8 11. Nge2 Na5 12. Kf2 Be7 13. h4 Nc4 14. Rc2 b5 15. Nb1
Bc6 16. b3 Nd6 17. Ng3 O-O 18. Nd2 Nd7 19. Qb1 f5 20. gxf5 Nxf5 21. Nxf5 exf5
22. Rhc1 Bxh4+ 23. Ke2 Bg5 24. Rxc6 Rxc6 25. Rxc6 Bxf4 26. exf4 Qh4 27. Bxf5
Qh2+ 28. Ke3 Re8+ 29. Be6+ Kh8 30. f5 1-0

[Event "14. Obert Int. Sant Marti 2012"]
[Site "Barcelona ESP"]
[Date "2012.07.15"]
[Round "3.4"]
[White "Prasanna, Raghuram Rao"]
[Black "Cuartas, Jaime Alexander"]
[Result "1/2-1/2"]
[WhiteElo "2428"]
[BlackElo "2523"]
[PlyCount "79"]
[EventDate "2012.07.13"]
[EventType "swiss"]
[EventRounds "9"]
[EventCountry "ESP"]
[SourceTitle "Ajedrez en Madrid"]
[Source "lmi"]
[SourceDate "2012.07.13"]
[SourceVersion "1"]
[SourceVersionDate "2019.06.21"]
[SourceQuality "1"]

1. d4 d5 2. c4 c6 3. Nf3 Nf6 4. Nc3 e6 5. Bd2 Nbd7 6. e3 Bd6 7. Bd3 O-O 8. Qc2
Qe7 9. O-O a6 10. a4 e5 11. cxd5 cxd5 12. dxe5 Nxe5 13. Nxe5 Qxe5 14. f4 Qe7
15. Rae1 Rd8 16. Ne2 Bb4 17. Nd4 Bd7 18. b3 Rac8 19. Qb2 Re8 20. h3 Qc5 21. Rc1
Qa5 22. Rxc8 Bxc8 23. Bxb4 Qxb4 24. Qc1 Bd7 25. Rf2 Rc8 26. Qd2 Qa3 27. Re2
Rc1+ 28. Re1 Rxe1+ 29. Qxe1 Bxa4 30. Qa5 Qc1+ 31. Kh2 Be8 32. Nf5 g6 33. Qd8
Qc3 34. Nd6 Qxd3 35. Nxe8 Nxe8 36. Qxe8+ Kg7 37. Qe5+ Kg8 38. Qe8+ Kg7 39. Qe5+
Kg8 40. Qe8+ 1/2-1/2

[Event "14. Obert Int. Sant Marti 2012"]
[Site "Barcelona ESP"]
[Date "2012.07.15"]
[Round "3.5"]
[White "Gonzalez Garcia, Jose"]
[Black "Laxman, R R.."]
[Result "0-1"]
[WhiteElo "2518"]
[BlackElo "2422"]
[PlyCount "148"]
[EventDate "2012.07.13"]
[EventType "swiss"]
[EventRounds "9"]
[EventCountry "ESP"]
[SourceTitle "Ajedrez en Madrid"]
[Source "lmi"]
[SourceDate "2012.07.13"]
[SourceVersion "1"]
[SourceVersionDate "2019.06.21"]
[SourceQuality "1"]

1. d4 Nf6 2. c4 e6 3. Nc3 Bb4 4. e3 d5 5. Bd3 O-O 6. Nf3 c5 7. O-O Nc6 8. a3
Bxc3 9. bxc3 dxc4 10. Bxc4 Qc7 11. Bb2 b6 12. Qe2 Bb7 13. Bd3 e5 14. dxe5 Nxe5
15. Nxe5 Qxe5 16. c4 Qe6 17. f3 Nd7 18. Qc2 Qxe3+ 19. Rf2 Nf6 20. Bxf6 gxf6 21.
Bxh7+ Kg7 22. Be4 Bxe4 23. Qxe4 Qxe4 24. fxe4 Rad8 25. a4 Rfe8 26. a5 Rxe4 27.
axb6 axb6 28. Rc2 Red4 29. Rb1 Rd1+ 30. Rxd1 Rxd1+ 31. Kf2 Rb1 32. Kf3 f5 33.
Kf4 Kf6 34. Rd2 Rf1+ 35. Ke3 Re1+ 36. Kf2 Rb1 37. Ke3 Ke5 38. g3 Rb3+ 39. Rd3
Rb2 40. Rd5+ Ke6 41. Rd2 Rb4 42. Kd3 Kf6 43. Kc3 Kg6 44. Rd6+ f6 45. Rd1 b5 46.
cxb5 Rxb5 47. Rd8 Rb1 48. Rh8 Rc1+ 49. Kd3 Re1 50. Rh4 Kg5 51. Rc4 Re5 52. Rf4
Re8 53. Rc4 Rc8 54. Ke3 Re8+ 55. Kf3 Re5 56. Rc2 Kg6 57. h4 Kf7 58. Ra2 Kg6 59.
Ra6 Re4 60. Rc6 Rc4 61. Rc7 Rc1 62. Rc6 c4 63. Kf2 c3 64. Kg2 c2 65. Rc7 f4 66.
gxf4 Kh5 67. Kh2 Kxh4 68. Kg2 Kg4 69. Rc6 Kf5 70. Rc4 Ke6 71. Rc5 Kd6 72. Rc8
Kd5 73. Kh2 Ke4 74. Rc6 f5 0-1

[Event "14. Obert Int. Sant Marti 2012"]
[Site "Barcelona ESP"]
[Date "2012.07.15"]
[Round "3.6"]
[White "Cruz, Jonathan"]
[Black "Perez Mitjans, Orelvis"]
[Result "0-1"]
[WhiteElo "2418"]
[BlackElo "2504"]
[PlyCount "70"]
[EventDate "2012.07.13"]
[EventType "swiss"]
[EventRounds "9"]
[EventCountry "ESP"]
[SourceTitle "Ajedrez en Madrid"]
[Source "lmi"]
[SourceDate "2012.07.13"]
[SourceVersion "1"]
[SourceVersionDate "2019.06.21"]
[SourceQuality "1"]

1. e4 c5 2. Nf3 d6 3. Bb5+ Nd7 4. O-O a6 5. Bc4 e6 6. a4 Ngf6 7. Re1 Qc7 8. a5
Be7 9. d3 O-O 10. h3 Nb8 11. Bf4 Nc6 12. Qd2 Nd7 13. Qc3 Bf6 14. Qa3 Nde5 15.
Nbd2 Bd7 16. Bb3 Rad8 17. Re3 Ng6 18. Bg3 Nd4 19. Nxd4 Bxd4 20. Ree1 Bb5 21.
Rf1 Qe7 22. Kh2 h5 23. Kh1 h4 24. Bh2 Qf6 25. Rab1 Be5 26. Bxe5 Qxe5 27. Bc4
Bc6 28. Ba2 Nf4 29. Nf3 Qh5 30. Kh2 f5 31. Rbe1 Kh8 32. Re3 e5 33. Bb3 Rf6 34.
Ba4 Nxg2 35. Kxg2 f4 0-1

[Event "14. Obert Int. Sant Marti 2012"]
[Site "Barcelona ESP"]
[Date "2012.07.15"]
[Round "3.7"]
[White "Espinoza Palomino, Willyam"]
[Black "Munoz Pantoja, Miguel"]
[Result "1/2-1/2"]
[WhiteElo "2296"]
[BlackElo "2496"]
[PlyCount "37"]
[EventDate "2012.07.13"]
[EventType "swiss"]
[EventRounds "9"]
[EventCountry "ESP"]
[SourceTitle "Ajedrez en Madrid"]
[Source "lmi"]
[SourceDate "2012.07.13"]
[SourceVersion "1"]
[SourceVersionDate "2019.06.21"]
[SourceQuality "1"]

1. Nf3 c5 2. c4 Nc6 3. d4 g6 4. d5 Na5 5. e4 Bg7 6. Bd3 d6 7. h3 Nf6 8. O-O O-O
9. Nc3 e5 10. Bg5 h6 11. Be3 Nh5 12. Re1 b6 13. Qd2 g5 14. Ne2 f5 15. exf5 Bxf5
16. Bxf5 Rxf5 17. Qc2 Qd7 18. Ng3 Nxg3 19. fxg3 1/2-1/2

[Event "14. Obert Int. Sant Marti 2012"]
[Site "Barcelona ESP"]
[Date "2012.07.15"]
[Round "3.8"]
[White "Cordova, Emilio"]
[Black "Pogorelov, Ruslan"]
[Result "1/2-1/2"]
[WhiteElo "2584"]
[BlackElo "2417"]
[PlyCount "79"]
[EventDate "2012.07.13"]
[EventType "swiss"]
[EventRounds "9"]
[EventCountry "ESP"]
[SourceTitle "Ajedrez en Madrid"]
[Source "lmi"]
[SourceDate "2012.07.13"]
[SourceVersion "1"]
[SourceVersionDate "2019.06.21"]
[SourceQuality "1"]

1. Nf3 c5 2. g3 Nc6 3. Bg2 e5 4. O-O d5 5. c4 d4 6. d3 Nf6 7. Bg5 Be7 8. Na3
O-O 9. Nc2 h6 10. Bxf6 Bxf6 11. a3 a5 12. Rb1 Be7 13. e3 Bg4 14. h3 Be6 15. Re1
Qd7 16. exd4 exd4 17. Ne5 Nxe5 18. Rxe5 Bd6 19. Rh5 Rab8 20. b4 axb4 21. axb4
b6 22. Na3 Rfe8 23. Nb5 Bf8 24. Ra1 g6 25. Ra7 Qd8 26. Re5 Qf6 27. Re4 Bf5 28.
Qf3 Kg7 29. Rf4 Re1+ 30. Kh2 Bd6 31. bxc5 Bxf4 32. Qxf4 Bxd3 33. Qxf6+ Kxf6 34.
Bd5 Re7 35. Rxe7 Kxe7 36. Nxd4 Kd7 37. Nc6 Re8 38. cxb6 Bxc4 39. Bxc4 Kxc6 40.
Bxf7 1/2-1/2

[Event "14. Obert Int. Sant Marti 2012"]
[Site "Barcelona ESP"]
[Date "2012.07.15"]
[Round "3.9"]
[White "Perpinya Rofes, Lluis Maria"]
[Black "Hernandez Carmenates, Holden"]
[Result "0-1"]
[WhiteElo "2401"]
[BlackElo "2569"]
[PlyCount "74"]
[EventDate "2012.07.13"]
[EventType "swiss"]
[EventRounds "9"]
[EventCountry "ESP"]
[SourceTitle "Ajedrez en Madrid"]
[Source "lmi"]
[SourceDate "2012.07.13"]
[SourceVersion "1"]
[SourceVersionDate "2019.06.21"]
[SourceQuality "1"]

1. e4 Nf6 2. e5 Nd5 3. d4 d6 4. c4 Nb6 5. exd6 exd6 6. Nc3 Be7 7. Bd3 O-O 8. h3
Nc6 9. Nge2 Bf6 10. Bb1 d5 11. c5 Nc4 12. b3 N4a5 13. O-O b6 14. Na4 Ba6 15.
Be3 g6 16. Re1 Bxe2 17. Rxe2 Re8 18. Kf1 bxc5 19. Nxc5 Qd6 20. g3 Rxe3 21. fxe3
Qxg3 22. Bf5 Qf3+ 23. Rf2 Qxe3 24. Qg4 Bxd4 25. Rf3 Qd2 26. Re1 Bxc5 27. Be6
Rf8 28. Bxf7+ Rxf7 29. Re8+ Kg7 30. Rxf7+ Kxf7 31. Qe6+ Kg7 32. Qd7+ Kh6 33.
Qf7 Qh2 34. Qf6 Qg1+ 35. Ke2 Nd4+ 36. Kd3 Qd1+ 37. Kc3 Qc2# 0-1

[Event "14. Obert Int. Sant Marti 2012"]
[Site "Barcelona ESP"]
[Date "2012.07.15"]
[Round "3.10"]
[White "Ortiz Suarez, Isan Reynaldo"]
[Black "Mosquera, Miguel"]
[Result "1-0"]
[WhiteElo "2562"]
[BlackElo "2395"]
[PlyCount "103"]
[EventDate "2012.07.13"]
[EventType "swiss"]
[EventRounds "9"]
[EventCountry "ESP"]
[SourceTitle "Ajedrez en Madrid"]
[Source "lmi"]
[SourceDate "2012.07.13"]
[SourceVersion "1"]
[SourceVersionDate "2019.06.21"]
[SourceQuality "1"]

1. e4 e5 2. Bc4 Nf6 3. d3 c6 4. Nf3 Be7 5. Bb3 O-O 6. O-O d6 7. Nbd2 Be6 8.
Bxe6 fxe6 9. c3 Na6 10. a4 Kh8 11. b4 Qe8 12. Nc4 Rd8 13. Qe2 Nh5 14. g3 Qg6
15. Kh1 Nf6 16. Na5 Rd7 17. h3 Bd8 18. Nc4 Bc7 19. Be3 Qh5 20. Kg2 d5 21. Ncd2
d4 22. cxd4 exd4 23. Bxd4 Nxb4 24. Rab1 a5 25. Bc3 Nxd3 26. Rxb7 Nc5 27. Ra7
Nxa4 28. Bxf6 gxf6 29. Rc1 Nc5 30. Qc4 Nd3 31. Qxc6 Rg7 32. Rxc7 Nf4+ 33. Kf1
Qxh3+ 34. Ke1 Qh1+ 35. Nf1 Qxf3 36. gxf4 Rxc7 37. Qxc7 Qxe4+ 38. Ne3 Rg8 39.
Ke2 a4 40. Rc4 Qg6 41. Rxa4 Qh5+ 42. Ke1 Qf3 43. Rd4 Qa8 44. Rd7 Qe4 45. Ke2
Ra8 46. Rd8+ Rxd8 47. Qxd8+ Kg7 48. Qc7+ Kg6 49. Qc2 Qxc2+ 50. Nxc2 e5 51. Kf3
h5 52. Ne3 1-0

[Event "14. Obert Int. Sant Marti 2012"]
[Site "Barcelona ESP"]
[Date "2012.07.15"]
[Round "3.11"]
[White "Saptarshi, Roy"]
[Black "Lopez Martinez, Josep Manuel"]
[Result "1-0"]
[WhiteElo "2389"]
[BlackElo "2509"]
[PlyCount "55"]
[EventDate "2012.07.13"]
[EventType "swiss"]
[EventRounds "9"]
[EventCountry "ESP"]
[SourceTitle "Ajedrez en Madrid"]
[Source "lmi"]
[SourceDate "2012.07.13"]
[SourceVersion "1"]
[SourceVersionDate "2019.06.21"]
[SourceQuality "1"]

1. e4 c6 2. d4 d5 3. Nc3 dxe4 4. Nxe4 Bf5 5. Ng3 Bg6 6. h4 h6 7. Nf3 Nd7 8. h5
Bh7 9. Bd3 Bxd3 10. Qxd3 e6 11. Bd2 Ngf6 12. O-O-O Be7 13. Kb1 Qc7 14. Ne4 Rd8
15. Nxf6+ Nxf6 16. Ne5 O-O 17. Bf4 Qb6 18. g4 c5 19. g5 Rxd4 20. Qf3 hxg5 21.
Rxd4 cxd4 22. h6 g4 23. Qd3 Qc5 24. hxg7 Kxg7 25. Bh6+ Kg8 26. Bg5 Qd5 27. f3
Kg7 28. Bxf6+ 1-0

[Event "14. Obert Int. Sant Marti 2012"]
[Site "Barcelona ESP"]
[Date "2012.07.15"]
[Round "3.12"]
[White "Venkatesh, M R.."]
[Black "Beltran Rueda, Santiago"]
[Result "1/2-1/2"]
[WhiteElo "2506"]
[BlackElo "2383"]
[PlyCount "67"]
[EventDate "2012.07.13"]
[EventType "swiss"]
[EventRounds "9"]
[EventCountry "ESP"]
[SourceTitle "Ajedrez en Madrid"]
[Source "lmi"]
[SourceDate "2012.07.13"]
[SourceVersion "1"]
[SourceVersionDate "2019.06.21"]
[SourceQuality "1"]

1. Nf3 c5 2. c4 Nc6 3. Nc3 g6 4. e3 Nf6 5. d4 cxd4 6. exd4 d5 7. Bg5 Ne4 8.
cxd5 Nxc3 9. bxc3 Qxd5 10. Qb3 Qxb3 11. axb3 Bg7 12. b4 h6 13. Bf4 O-O 14. b5
e5 15. bxc6 exf4 16. Bb5 bxc6 17. Bxc6 Rb8 18. O-O Rb6 19. Bd5 Rd8 20. Ra5 a6
21. Re1 Rb5 22. Rxb5 axb5 23. Re7 Rxd5 24. Re8+ Kh7 25. Rxc8 b4 26. cxb4 Bxd4
27. Kf1 Bb6 28. Ke2 g5 29. h3 f5 30. g4 fxg3 31. fxg3 g4 32. hxg4 fxg4 33. Nh4
Re5+ 34. Kf1 1/2-1/2

[Event "14. Obert Int. Sant Marti 2012"]
[Site "Barcelona ESP"]
[Date "2012.07.15"]
[Round "3.13"]
[White "Escobar Forero, Alder"]
[Black "Larduet Despaigne, Carlos"]
[Result "1/2-1/2"]
[WhiteElo "2487"]
[BlackElo "2370"]
[PlyCount "108"]
[EventDate "2012.07.13"]
[EventType "swiss"]
[EventRounds "9"]
[EventCountry "ESP"]
[SourceTitle "Ajedrez en Madrid"]
[Source "lmi"]
[SourceDate "2012.07.13"]
[SourceVersion "1"]
[SourceVersionDate "2019.06.21"]
[SourceQuality "1"]

1. e4 e6 2. d4 d5 3. Nc3 Nf6 4. Bg5 dxe4 5. Nxe4 Nbd7 6. Nf3 Be7 7. Nxf6+ Bxf6
8. h4 c5 9. Qd2 cxd4 10. Nxd4 h6 11. Bxf6 Nxf6 12. Rh3 O-O 13. Rd3 Qc7 14.
O-O-O Bd7 15. g4 e5 16. g5 Ne4 17. Qe3 Nc5 18. Rc3 exd4 19. Qxd4 Bc6 20. Qxc5
Qf4+ 21. Qe3 Qxh4 22. gxh6 Rfe8 23. Qd2 Rad8 24. Bd3 Qxh6 25. Qxh6 gxh6 26. Rc5
Kf8 27. Rg1 Rd6 28. f4 b6 29. Rh5 Re3 30. Rh4 Rf3 31. Kd2 Rf2+ 32. Ke3 Rf3+ 33.
Kd2 Rf2+ 34. Ke1 Rg2 35. Rxg2 Bxg2 36. Kf2 Bc6 37. Ke3 Re6+ 38. Kd4 Rd6+ 39.
Ke3 Re6+ 40. Kf2 Rd6 41. a3 Bd7 42. b4 Kg7 43. Ke3 Re6+ 44. Kd2 Rd6 45. Ke3
Re6+ 46. Kf2 Rc6 47. c4 f5 48. Rh1 Be6 49. Rc1 h5 50. c5 bxc5 51. bxc5 Kf6 52.
Be2 h4 53. Bf3 Rc7 54. c6 Rh7 1/2-1/2

[Event "14. Obert Int. Sant Marti 2012"]
[Site "Barcelona ESP"]
[Date "2012.07.15"]
[Round "3.14"]
[White "Anurag, Mhamal"]
[Black "Alarcon Casellas, Rolando"]
[Result "1/2-1/2"]
[WhiteElo "2301"]
[BlackElo "2436"]
[PlyCount "160"]
[EventDate "2012.07.13"]
[EventType "swiss"]
[EventRounds "9"]
[EventCountry "ESP"]
[SourceTitle "Ajedrez en Madrid"]
[Source "lmi"]
[SourceDate "2012.07.13"]
[SourceVersion "1"]
[SourceVersionDate "2019.06.21"]
[SourceQuality "1"]

1. c4 Nf6 2. g3 c5 3. Bg2 g6 4. Nf3 Nc6 5. d4 cxd4 6. Nxd4 Qb6 7. Nc2 Bg7 8.
O-O O-O 9. Nc3 d6 10. b3 Be6 11. Nd5 Bxd5 12. cxd5 Ne5 13. Be3 Qa5 14. Qd2 Qxd2
15. Bxd2 Ned7 16. Rac1 Rfc8 17. Ne3 Kf8 18. Nc4 Nc5 19. Be3 Ng4 20. Bf4 Ne5 21.
Nxe5 Bxe5 22. Bxe5 dxe5 23. Rc4 Nd7 24. Rfc1 Rxc4 25. Rxc4 Rb8 26. Bh3 Nb6 27.
Rc5 f5 28. e4 fxe4 29. Kf1 Ke8 30. Ke2 Nd7 31. Rc7 Nf6 32. Be6 Kd8 33. Rc4 b5
34. Rc6 Ne8 35. Ke3 Nd6 36. h4 h6 37. Ra6 Rb7 38. Rc6 Rc7 39. Rxc7 Kxc7 40. Bg8
a5 41. Bh7 g5 42. hxg5 hxg5 43. Bxe4 Kb6 44. Kd3 Kc5 45. a3 Ne8 46. Kc3 Nf6 47.
b4+ axb4+ 48. axb4+ Kd6 49. Bd3 Kxd5 50. Bxb5 Ne4+ 51. Kd3 Nxf2+ 52. Ke3 Ng4+
53. Kf3 Nf6 54. Be2 Kd4 55. b5 e4+ 56. Kf2 Nd5 57. Bf1 e5 58. Ke2 Nc3+ 59. Kf2
Nd5 60. Ke2 g4 61. Ke1 Kc5 62. Be2 Nc3 63. Bxg4 Nxb5 64. Be2 Nd6 65. Kf2 Kd4
66. g4 Nf7 67. Bb5 e3+ 68. Ke2 Ke4 69. Bd7 Kf4 70. Be6 Ng5 71. Bd7 Nf3 72. Bc8
Nd4+ 73. Ke1 e4 74. Ba6 Kxg4 75. Be2+ Kf4 76. Kf1 Nf3 77. Ba6 Ke5 78. Ke2 Kd4
79. Bb5 Ng1+ 80. Kf1 Nf3 1/2-1/2

[Event "14. Obert Int. Sant Marti 2012"]
[Site "Barcelona ESP"]
[Date "2012.07.15"]
[Round "3.15"]
[White "Krishna, C R G.."]
[Black "Rojas Keim, Luis"]
[Result "1-0"]
[WhiteElo "2273"]
[BlackElo "2426"]
[PlyCount "133"]
[EventDate "2012.07.13"]
[EventType "swiss"]
[EventRounds "9"]
[EventCountry "ESP"]
[SourceTitle "Ajedrez en Madrid"]
[Source "lmi"]
[SourceDate "2012.07.13"]
[SourceVersion "1"]
[SourceVersionDate "2019.06.21"]
[SourceQuality "1"]

1. d4 Nf6 2. Nf3 e6 3. g3 c5 4. Bg2 cxd4 5. Nxd4 d5 6. O-O e5 7. Nb3 Be6 8. Bg5
Nbd7 9. e4 dxe4 10. Bxe4 Qc7 11. Bg2 Be7 12. Nc3 h6 13. Be3 Bc4 14. Re1 O-O 15.
Nd2 Be6 16. h3 a6 17. Qf3 b5 18. a3 Rab8 19. Nde4 a5 20. Nxf6+ Nxf6 21. Qe2 Bc4
22. Qf3 b4 23. axb4 Rxb4 24. Bc1 Be6 25. Qc6 Bd8 26. Qxc7 Bxc7 27. b3 Rc8 28.
Ba3 Rbb8 29. Na4 Bf5 30. Re2 e4 31. g4 Bg6 32. Rd1 Bf4 33. Nc5 Re8 34. Bc1 Bxc1
35. Rxc1 Nd5 36. Ra1 Nf4 37. Re3 Nxg2 38. Kxg2 Rb5 39. Na4 f5 40. c4 Rbe5 41.
gxf5 Rxf5 42. Nc3 Bh5 43. Nd5 Bf3+ 44. Kh2 Rg5 45. Rg1 Rxg1 46. Kxg1 Re5 47.
Rc3 Kf7 48. Kh2 Ke6 49. Rc1 Rg5 50. Ne3 Kd6 51. Ra1 Kc6 52. h4 Rh5 53. Kg3 g5
54. hxg5 Rxg5+ 55. Kf4 Rh5 56. Nd5 Rh2 57. Ke3 h5 58. Rxa5 h4 59. Ra1 h3 60.
Nf4 Kc5 61. Rc1 Bg4 62. Kxe4 Kb4 63. c5 Kxb3 64. Ke3 Kb4 65. c6 Kb5 66. c7 Bc8
67. Kf3 1-0

[Event "14. Obert Int. Sant Marti 2012"]
[Site "Barcelona ESP"]
[Date "2012.07.15"]
[Round "3.16"]
[White "Lorenzo De La Riva, Lazaro"]
[Black "Khairullin, Adel"]
[Result "1-0"]
[WhiteElo "2422"]
[BlackElo "2004"]
[PlyCount "99"]
[EventDate "2012.07.13"]
[EventType "swiss"]
[EventRounds "9"]
[EventCountry "ESP"]
[SourceTitle "Ajedrez en Madrid"]
[Source "lmi"]
[SourceDate "2012.07.13"]
[SourceVersion "1"]
[SourceVersionDate "2019.06.21"]
[SourceQuality "1"]

1. e4 c5 2. Nf3 e6 3. d3 Nc6 4. c3 d5 5. Qe2 dxe4 6. dxe4 Nf6 7. g3 Be7 8. Bg2
O-O 9. e5 Nd5 10. O-O Qc7 11. c4 Nb6 12. b3 Nd7 13. Bf4 b6 14. Nc3 a6 15. Rad1
Bb7 16. Rfe1 Rad8 17. h4 Rfe8 18. Nd5 Qc8 19. Nxe7+ Nxe7 20. Ng5 Bxg2 21. Qh5
Nf8 22. Qxf7+ Kh8 23. Kxg2 Rxd1 24. Rxd1 Neg6 25. Bc1 Nxe5 26. Qf4 Qa8+ 27. Qe4
Qxe4+ 28. Nxe4 Nf7 29. Nd6 Nxd6 30. Rxd6 Rb8 31. Rc6 Rb7 32. Bf4 Kg8 33. a4 a5
34. h5 Kf7 35. Bd6 Nd7 36. f4 Kf6 37. Kf3 g5 38. fxg5+ Kxg5 39. Be7+ Kf5 40.
g4+ Ke5 41. Ke3 Ra7 42. Rc8 Nf6 43. Bxf6+ Kxf6 44. Kf4 h6 45. Rg8 Rg7 46. Rxg7
Kxg7 47. g5 e5+ 48. Kxe5 hxg5 49. Kf5 Kh6 50. Kg4 1-0

[Event "14. Obert Int. Sant Marti 2012"]
[Site "Barcelona ESP"]
[Date "2012.07.15"]
[Round "3.17"]
[White "Gonzalez Rodriguez, Jorge A"]
[Black "Vigoa Apecheche, Yanira"]
[Result "1-0"]
[WhiteElo "2410"]
[BlackElo "2269"]
[PlyCount "97"]
[EventDate "2012.07.13"]
[EventType "swiss"]
[EventRounds "9"]
[EventCountry "ESP"]
[SourceTitle "Ajedrez en Madrid"]
[Source "lmi"]
[SourceDate "2012.07.13"]
[SourceVersion "1"]
[SourceVersionDate "2019.06.21"]
[SourceQuality "1"]

1. b3 g6 2. Bb2 Nf6 3. Bxf6 exf6 4. d4 Bg7 5. e3 f5 6. g3 O-O 7. Bg2 a5 8. a3
Ra7 9. Ne2 b6 10. O-O Ba6 11. a4 d5 12. Re1 c6 13. Na3 Re8 14. c3 Rae7 15. b4
axb4 16. cxb4 Bxe2 17. Rxe2 c5 18. bxc5 bxc5 19. Nb5 Nc6 20. dxc5 Bxa1 21. Qxa1
Rf8 22. Rd2 Rd7 23. h4 Qa5 24. Rxd5 Rxd5 25. Bxd5 Nb4 26. Bb3 Nd3 27. c6 Qd2
28. Qf1 Nc5 29. Bd1 Ne4 30. Bf3 Qc2 31. Nd4 Qxa4 32. Bxe4 fxe4 33. Qb1 f5 34.
Qb7 f4 35. gxf4 Qd1+ 36. Kh2 Qd2 37. Kg2 Qd1 38. Qd7 h5 39. Ne6 Qf3+ 40. Kg1
Qg4+ 41. Kf1 Qh3+ 42. Ke1 Qh1+ 43. Kd2 Qa1 44. Nxf8 Qb2+ 45. Ke1 Qc1+ 46. Qd1
Qc3+ 47. Kf1 Qc4+ 48. Kg2 Qxc6 49. Nd7 1-0

[Event "14. Obert Int. Sant Marti 2012"]
[Site "Barcelona ESP"]
[Date "2012.07.15"]
[Round "3.18"]
[White "Lopez Forn, Marc"]
[Black "Cruz, Filemon"]
[Result "0-1"]
[WhiteElo "2032"]
[BlackElo "2404"]
[PlyCount "150"]
[EventDate "2012.07.13"]
[EventType "swiss"]
[EventRounds "9"]
[EventCountry "ESP"]
[SourceTitle "Ajedrez en Madrid"]
[Source "lmi"]
[SourceDate "2012.07.13"]
[SourceVersion "1"]
[SourceVersionDate "2019.06.21"]
[SourceQuality "1"]

1. e4 c5 2. Nf3 e6 3. d4 cxd4 4. Nxd4 a6 5. Bd3 Nf6 6. O-O Qc7 7. Nc3 Bc5 8.
Be3 d6 9. Qf3 O-O 10. Qg3 b5 11. Nde2 Bxe3 12. Qxe3 Nbd7 13. Ng3 Bb7 14. Rac1
b4 15. Nce2 d5 16. exd5 Nxd5 17. Qe4 N7f6 18. Qh4 Qe5 19. c4 bxc3 20. Nxc3 Nf4
21. Rfe1 Qd4 22. Be4 Ng6 23. Qg5 Nxe4 24. Ncxe4 Bxe4 25. Rxe4 Qxb2 26. Re2 Qa3
27. Rec2 Rad8 28. h3 Rd5 29. Qg4 Rfd8 30. Rc7 Rd4 31. Qg5 h6 32. Qh5 Qxa2 33.
R1c2 Qd5 34. Qxd5 R4xd5 35. Ra7 a5 36. Ra2 Nf4 37. R2xa5 Rd1+ 38. Kh2 Nd3 39.
Ra2 Rd4 40. Rc7 Rf4 41. f3 Ne5 42. Ne4 Rd8 43. Kg3 g5 44. Rc3 Kg7 45. Kf2 Nd3+
46. Kg3 Rf5 47. Ra7 Kg6 48. Rcc7 h5 49. h4 gxh4+ 50. Kxh4 Rf4+ 51. Kh3 Rd5 52.
Ra8 Rxe4 53. fxe4 Nf2+ 54. Kh4 Nxe4 55. Rg8+ Kf6 56. g4 Rd1 57. g5+ Nxg5 58.
Kxh5 Nf3 59. Rg3 Ne5 60. Rcc3 Rd8 61. Rgf3+ Nxf3 62. Rxf3+ Ke7 63. Kg5 Rd4 64.
Rb3 f6+ 65. Kg6 Rg4+ 66. Kh5 f5 67. Re3 Kf6 68. Ra3 Rg8 69. Kh4 f4 70. Kh3 Kf5
71. Ra7 e5 72. Rb7 f3 73. Rf7+ Ke4 74. Kh2 Ke3 75. Kh3 f2 0-1

[Event "14. Obert Int. Sant Marti 2012"]
[Site "Barcelona ESP"]
[Date "2012.07.15"]
[Round "3.19"]
[White "Turov, Maxim"]
[Black "Mamedjarova, Turkan"]
[Result "1/2-1/2"]
[WhiteElo "2642"]
[BlackElo "2259"]
[PlyCount "92"]
[EventDate "2012.07.13"]
[EventType "swiss"]
[EventRounds "9"]
[EventCountry "ESP"]
[SourceTitle "Ajedrez en Madrid"]
[Source "lmi"]
[SourceDate "2012.07.13"]
[SourceVersion "1"]
[SourceVersionDate "2019.06.21"]
[SourceQuality "1"]

1. c4 c5 2. Nc3 Nc6 3. g3 Nf6 4. Bg2 e6 5. Nf3 d5 6. cxd5 Nxd5 7. O-O Be7 8. d4
cxd4 9. Nxd5 exd5 10. Nxd4 O-O 11. Be3 Bf6 12. Rc1 Nxd4 13. Bxd4 Be6 14. Rc3
Bxd4 15. Qxd4 Qd7 16. Rfc1 h6 17. e4 dxe4 18. Qxd7 Bxd7 19. Bxe4 Be6 20. Ra3 a6
21. Rc7 Rab8 22. b3 Rfd8 23. Rxb7 Rbc8 24. Kg2 Rd4 25. Bf3 g5 26. Rb6 g4 27.
Bb7 Rb8 28. Ra5 Bd5+ 29. Bxd5 Rxb6 30. Bc4 Rd2 31. Rf5 Rxa2 32. Rxf7 Kh8 33. h3
gxh3+ 34. Kxh3 a5 35. f4 a4 36. bxa4 Rxa4 37. Rc7 Ra5 38. Kh4 Rf6 39. Re7 Rc5
40. Be6 Ra5 41. Kg4 Rg6+ 42. Kh4 Rf6 43. Bc4 Rc5 44. Re4 Rfc6 45. Bd3 Rd6 46.
Bc4 Rcc6 1/2-1/2

[Event "14. Obert Int. Sant Marti 2012"]
[Site "Barcelona ESP"]
[Date "2012.07.15"]
[Round "3.20"]
[White "Shoker, Samy"]
[Black "Ramirez Garcia, Jorge Alberto"]
[Result "0-1"]
[WhiteElo "2504"]
[BlackElo "2241"]
[PlyCount "86"]
[EventDate "2012.07.13"]
[EventType "swiss"]
[EventRounds "9"]
[EventCountry "ESP"]
[SourceTitle "Ajedrez en Madrid"]
[Source "lmi"]
[SourceDate "2012.07.13"]
[SourceVersion "1"]
[SourceVersionDate "2019.06.21"]
[SourceQuality "1"]

1. f4 g6 2. g3 d5 3. Bg2 Bg7 4. Nf3 c5 5. O-O Nc6 6. d3 Nh6 7. Nc3 d4 8. Na4
Qd6 9. c4 Nf5 10. Ng5 b6 11. b4 cxb4 12. a3 bxa3 13. Rxa3 Rb8 14. Rb3 Qc7 15.
g4 Ne3 16. Bxe3 dxe3 17. Bd5 f6 18. Ne6 Bxe6 19. Bxe6 Nd4 20. Bd5 Qd7 21. f5
gxf5 22. gxf5 Nxf5 23. Nc5 Qc8 24. Ne6 Nd4 25. Nxg7+ Kf8 26. Nh5 Qg4+ 27. Ng3
h5 28. Bf3 Qh3 29. Rb5 h4 30. Bg2 Qg4 31. Ne4 h3 32. Rg5 Nxe2+ 33. Qxe2 Qxe2
34. Bf3 Qxf1+ 35. Kxf1 fxg5 36. Nxg5 a5 37. Bc6 Rh6 38. Bd7 Rd6 39. Bb5 Rxd3
40. Nxh3 Rd2 41. Nf4 Rxh2 42. Ke1 Kf7 43. Nd5 Rg8 0-1

[Event "14. Obert Int. Sant Marti 2012"]
[Site "Barcelona ESP"]
[Date "2012.07.15"]
[Round "3.21"]
[White "Minguez Rodriguez, Raul"]
[Black "Panelo, Marcelo"]
[Result "0-1"]
[WhiteElo "2237"]
[BlackElo "2452"]
[PlyCount "52"]
[EventDate "2012.07.13"]
[EventType "swiss"]
[EventRounds "9"]
[EventCountry "ESP"]
[SourceTitle "Ajedrez en Madrid"]
[Source "lmi"]
[SourceDate "2012.07.13"]
[SourceVersion "1"]
[SourceVersionDate "2019.06.21"]
[SourceQuality "1"]

1. e4 c5 2. Nf3 d6 3. d4 cxd4 4. Nxd4 Nf6 5. Nc3 a6 6. Bg5 e6 7. f4 h6 8. Bh4
Nbd7 9. Qf3 e5 10. Bxf6 Nxf6 11. Nf5 Bxf5 12. exf5 Be7 13. O-O-O exf4 14. Kb1
Rc8 15. Qxf4 Rxc3 16. bxc3 d5 17. Qa4+ b5 18. Qxa6 O-O 19. Bxb5 Ne4 20. Rd3 Bf6
21. Re1 Nxc3+ 22. Rxc3 Bxc3 23. Re2 Qh4 24. Qd6 Rc8 25. Qxd5 Qb4+ 26. Qb3 Qd4
0-1